Sports Quiz

Random Sports or Nation Quiz
Score 0/71 Timer 10:00
0 Plays Today
Nation Answer % Correct
PortugalCristiano Ronaldo
85.2%
South KoreaJi-Sung Park
83.6%
Cote d'IvoireKolo Toure
82%
Cote d'IvoireDidier Drogba
82%
United StatesTim Howard
82%
SpainXabi Alonso
80.3%
AustraliaHarry Kewell
78.7%
PortugalRicardo Carvalho
77%
Czech RepublicPetr Cech
77%
TogoEmmanuel Adebayor
77%
GhanaMichael Essien
75.4%
AustraliaMark Viduka
75.4%
the NetherlandsRobin van Persie
73.8%
FranceThierry Henry
73.8%
PortugalPaulo Ferreira
72.1%
AustraliaTim Cahill
72.1%
SpainCesc Fabregas
70.5%
GermanyJens Lehmann
68.9%
SpainPepe Reina
68.9%
SwedenFredrik Ljungberg
67.2%
the NetherlandsArjen Robben
67.2%
Serbia & MontenegroNemanja Vidic
67.2%
BrazilGilberto Silva
67.2%
SwitzerlandPhilippe Senderos
63.9%
Cote d'IvoireEmmanuel Eboue
62.3%
United StatesBrian McBride
62.3%
the NetherlandsEdwin van der Sar
60.7%
the NetherlandsRuud van Nistelrooy
60.7%
Trinidad & TobagoKenwyne Jones
59%
SwitzerlandJohan Djourou
59%
GermanyRobert Huth
57.4%
AustraliaMark Schwarzer
55.7%
SpainLuis Garcia
54.1%
AustraliaBrett Emerton
52.5%
SpainJose Antonio Reyes
52.5%
Czech RepublicMilan Baros
49.2%
Nation Answer % Correct
FranceWilliam Gallas
49.2%
SwedenOlof Mellberg
47.5%
PortugalLuis Boa Morte
47.5%
United StatesClaudio Reyna
47.5%
AustraliaLucas Neill
47.5%
Trinidad & TobagoStern John
42.6%
MexicoJared Borgetti
42.6%
FranceClaude Makelele
42.6%
PortugalNuno Valente
41%
United StatesCarlos Bocanegra
41%
JapanJunichi Inamoto
41%
FranceMikael Silvestre
39.3%
TunisiaRadhi Jaidi
39.3%
FranceLouis Saha
37.7%
FrancePascal Chimbonda
37.7%
Trinidad & TobagoShaka Hislop
36.1%
the NetherlandsJan Kromkamp
34.4%
Poland Tomasz Kuszczak
31.1%
United StatesMarcus Hahnemann
31.1%
AustraliaCraig Moore
31.1%
Trinidad & TobagoChris Birchall
27.9%
United StatesBobby Convey
27.9%
PolandGrzegorz Rasiak
24.6%
United StatesEddie Lewis
24.6%
AustraliaStan Lazaridis
24.6%
AustraliaTony Popovic
19.7%
Trinidad & TobagoCarlos Edwards
18%
Serbia & MontenegroOgnjen Koroman
18%
AustraliaLuke Wilkshire
16.4%
FranceJean-Alain Boumsong
16.4%
TunisiaMehdi Nafti
16.4%
AngolaRui Marques
14.8%
AustraliaJosip Skoko
14.8%
Trinidad & TobagoIan Cox
3.3%
Trinidad & TobagoClayton Ince
3.3%

You're not logged in!

Compare scores with friends on all Sporcle quizzes.
OR
Log In

Sporcle TV

Today on Sporcle TV


Watch our educational content, quiz creation guides, and fun videos on Sporcle TV.

Show Comments

Extras

Top Quizzes Today


Score Distribution

Paid Content

Your Account Isn't Verified!

In order to create a playlist on Sporcle, you need to verify the email address you used during registration. Go to your Sporcle Settings to finish the process.

Report this User

Report this user for behavior that violates our Community Guidelines.

Details: